Gilles Deleuze and Film Criticism: Philosophy, Theory, and the Individual Film (Record no. 40682)

MARC details
000 -LEADER
fixed length control field 00480nam a2200181Ia 4500
020 ## - INTERNATIONAL STANDARD BOOK NUMBER
ISBN 978-3-031-33304-0
050 ## - CALL MARK
Classification number PN 1995 .G55/
100 ## - STATEMENT OF RESPONSIBILITY--MAIN AUTHOR NAME
Personal name Lash, Dominic; Law, Hoi Lun
245 #0 - TITLE STATEMENT
Title Gilles Deleuze and Film Criticism: Philosophy, Theory, and the Individual Film
260 ## - PUBLICATION, DISTRIBUTION, ETC. (IMPRINT)
Place of publication Cham
260 ## - PUBLICATION, DISTRIBUTION, ETC. (IMPRINT)
Name of publisher Palgrave Macmillan
260 ## - PUBLICATION, DISTRIBUTION, ETC. (IMPRINT)
Year of publication 2023
300 ## - PHYSICAL DESCRIPTION
Number of Pages 221 p
650 ## - SUBJECT ADDED ENTRY--TOPICAL TERM
Topical Term Cham
942 ## - ADDED ENTRY ELEMENTS (KOHA)
Koha item type Books
Holdings
Withdrawn status Lost status Damaged status Not for loan Permanent Location Current Location Shelving location Date acquired Accession Number Price effective from Koha item type
        NILE UNIVERSITY OF NIGERIA - MAIN LIBRARY NILE UNIVERSITY OF NIGERIA - MAIN LIBRARY Items on shelf 06/03/2025 0196869 06/03/2025 Books